Proposal and Simulation of a Business Process Model of Strategic Management in E-commerce

Vyhodnotenie významu strategického riadenia v dlhodobom rozvoji malých a stredných podnikov, ktoré obchodujú primárne elektronicky. Návrh business modelu strategického riadenia, ktorý môže posilniť súčasnú strategickú pozíciu malých a stredných podnikov primárne zameraných na elektronické obchodovan...

Descrizione completa

Salvato in:
Dettagli Bibliografici
Autore principale: Svatošová, Veronika
Natura: Capitolo di libro
Lingua:inglese
Soggetti:
Tags: Aggiungi Tag
Nessun Tag, puoi essere il primo ad aggiungerne!!

MARC

LEADER 00000naa a2200000 4500
001 0279764
005 20211122143552.7
041 0 |a eng 
044 |a SK 
245 1 0 |a Proposal and Simulation of a Business Process Model of Strategic Management in E-commerce  |c Veronika Svatošová 
520 |a Vyhodnotenie významu strategického riadenia v dlhodobom rozvoji malých a stredných podnikov, ktoré obchodujú primárne elektronicky. Návrh business modelu strategického riadenia, ktorý môže posilniť súčasnú strategickú pozíciu malých a stredných podnikov primárne zameraných na elektronické obchodovanie. 
610 2 0 |a manažment strategický 
610 2 0 |a podnik malý 
610 2 0 |a podnik stredný 
610 2 0 |a obchod elektronický 
610 2 0 |a procesy podnikové 
100 1 |a Svatošová, Veronika